2M+ First-Level Subdivisions of South America on a Map - Statistics

General Stats
  • This quiz has been taken 148 times
    56 since last reset
  • The average score is 32 of 48
Answers on the Map
Answers color-coded by a green-red scale on the quiz's map according to % correct below.
 
Answer Stats
Country Type Subdivision % Correct
Brazil 2022 C State Rio de Janeiro
100%
Brazil 2022 C State São Paulo
97%
Brazil 2022 C State Amazonas
95%
Argentina 2022 C City Buenos Aires
95%
Argentina 2022 C Province Buenos Aires
95%
Brazil 2022 C District Federal District
95%
Peru 2022 P Province Lima
95%
Chile 2017 C Region Santiago
92%
Bolivia 2020 P Department La Paz
89%
Venezuela 2019 P District Capital District
87%
Colombia 2023 P District Capital District
84%
Argentina 2022 C Province Córdoba
84%
Brazil 2022 C State Pará
84%
Brazil 2022 C State Bahia
82%
Bolivia 2020 P Department Santa Cruz
82%
Brazil 2022 C State Rio Grande do Sul
79%
Brazil 2022 C State Minas Gerais
76%
Brazil 2022 C State Paraná
76%
Brazil 2022 C State Mato Grosso
74%
Brazil 2022 C State Rio Grande do Norte
74%
Brazil 2022 C State Santa Catarina
74%
Brazil 2022 C State Goiás
71%
Brazil 2022 C State Mato Grosso do Sul
71%
Argentina 2022 C Province Mendoza
68%
Brazil 2022 C State Ceará
66%
Bolivia 2020 P Department Cochabamba
66%
Brazil 2022 C State Maranhão
66%
Brazil 2022 C State Pernambuco
66%
Brazil 2022 C State Piauí
66%
Brazil 2022 C State Sergipe
66%
Brazil 2022 C State Alagoas
63%
Brazil 2022 C State Espírito Santo
63%
Brazil 2022 C State Paraíba
61%
Argentina 2022 C Province Santa Fe
58%
Colombia 2023 P Department Antioquia
53%
Ecuador 2022 C Province Guayas
45%
Colombia 2023 P Department Bolívar
42%
Peru 2022 P Region Piura
42%
Venezuela 2019 P State Zulia
42%
Colombia 2023 P Department Atlántico
39%
Venezuela 2019 P State Carabobo
34%
Colombia 2023 P Department Cundinamarca
34%
Peru 2022 P Region La Libertad
34%
Venezuela 2019 P State Miranda
34%
Colombia 2023 P Department Santander
34%
Venezuela 2019 P State Lara
32%
Ecuador 2022 C Province Pichincha
32%
Colombia 2023 P Department Valle del Cauca
29%
No matching quizzes found
Score Distribution
Percent of People with Each Score
Percentile by Number Answered
Your Score History
You have not taken this quiz since the last reset